000 00266nam a2200097Ia 4500
008 171211s9999 xx 000 0 und d
245 4 _aThe Gun Digest Book of Automatic Pistols Assembly/Disassembly
245 _cKevin Muramatsu
260 _c2012
650 _xMilitary
999 _c348345
_d348345